Quiz su Panama - Statistics

Statistiche generali
  • Questo quiz è stato fatto 513 volte
  • Il punteggio medio è 8 su 14
Statistiche sulle risposte
Hint Risposta % Corretto
Lingua ufficiale Spagnolo
98%
Paesi confinanti Colombia
94%
Costa Rica
93%
Opera che gli americani costruirono tra il 1904 e il 1914 Canale di Panama
80%
Sport nazionale Baseball
74%
Indica il nome di uno dei 4 stati che hanno più grattacieli pro capite rispetto a Panama Monaco | Emirati Arabi Uniti | Singapore | Qatar
65%
Termine che indica una sottile striscia di terra che collega due grandi masse di territorio Istmo
62%
Paese che inizialmente provò a costruire tale opera senza successo nel corso dell'1800 Francia
57%
Scandalo, rivelato nel 2015, che ha coinvolto uno studio legale panamense il quale ha aiutato migliaia di clienti ricchi a nascondere i loro soldi? Panama {Papers}
41%
Panama lo ha abolito dal 1990 Esercito
32%
Dittatore deposto dagli Stati Uniti nel 1989 Manuel Noriega
32%
Esploratore spagnolo che ha scoperto la costa pacifica dell'America e dal quale prende il nome la moneta del paese Vasco Nunez de Balboa
25%
Famoso pirata che saccheggiò Panama city nel 1671 e che oggi è il nome di una nota marca di rum Henry Morgan
23%
Nome della foresta senza strade che rende impossibile il passaggio in modo continuo tra il nord e il sud America Tappo del Darién
18%
Nessun quiz corrispondente trovato
Distribuzione punteggi
Percentuale di utenti per punteggio
Percentile per numero di risposta
I tuoi punteggi nel tempo
Non hai fatto questo quiz